Catálogo
 En Linea

Santiago de los Caballeros : (Registro nro. 52103)

Detalles MARC
000 -CABECERA
campo de control de longitud fija 01487nam a22003257a 4500
003 - IDENTIFICADOR DEL NÚMERO DE CONTROL
campo de control DO-SdBNP
005 - FECHA Y HORA DE LA ÚLTIMA TRANSACCIÓN
campo de control 20220623134849.0
008 - DATOS DE LONGITUD FIJA--INFORMACIÓN GENERAL
campo de control de longitud fija 220623b2012 |||ao||| |||| 001 0dspa d
020 ## - NÚMERO INTERNACIONAL ESTÁNDAR DEL LIBRO
Número Internacional Estándar del Libro 9789945404531
040 ## - FUENTE DE LA CATALOGACIÓN
Centro catalogador/agencia de origen DO-SdBNP
Lengua de catalogación spa
Centro/agencia transcriptor BNPHU
082 4# - NÚMERO DE LA CLASIFICACIÓN DECIMAL DEWEY
Número de edición 22
Número de clasificación 972.9356
Número de documento/Ítem S235i
100 10 - ENTRADA PRINCIPAL--NOMBRE DE PERSONA
Nombre de persona Cabrera, Fernando
Fechas asociadas al nombre 1964-
Término indicativo de función/relación editor
245 10 - MENCIÓN DE TÍTULO
Título Santiago de los Caballeros :
Resto del título imágenes del corazón /
Mención de responsabilidad, etc. edición y prólogo, Fernando Cabrera ; textos, Edwin Espinal ... [et. al.]
260 ## - PUBLICACIÓN, DISTRIBUCIÓN, ETC.
Lugar de publicación, distribución, etc. Santo Domingo :
Nombre del editor, distribuidor, etc. Ministerio de Cultura.
Fecha de publicación, distribución, etc. 2012.
300 ## - DESCRIPCIÓN FÍSICA
Extensión 405 p. :
Otras características físicas il.; fot.;
Dimensiones 29 cm
500 ## - NOTA GENERAL
Nota general Incluye biografías de autores y fotógrafos.
505 ## - NOTA DE CONTENIDO CON FORMATO
Nota de contenido con formato Presentación : José Rafael Lantigua.
Mención de responsabilidad Ministro de Cultura
505 ## - NOTA DE CONTENIDO CON FORMATO
Nota de contenido con formato Exodio : Fernando Cabrera.
505 ## - NOTA DE CONTENIDO CON FORMATO
Nota de contenido con formato Santiago, la provincia más provincia --
Mención de responsabilidad Edwin Espinal.
505 ## - NOTA DE CONTENIDO CON FORMATO
Nota de contenido con formato Las resonancias de las artes --
Mención de responsabilidad Danilo de los Santos.
505 ## - NOTA DE CONTENIDO CON FORMATO
Nota de contenido con formato Recorrido por Santiago cultural --
Mención de responsabilidad Carmen Pérez Valerio.
505 ## - NOTA DE CONTENIDO CON FORMATO
Nota de contenido con formato Una sólida tradición de letras --
Mención de responsabilidad Enegildo Peña.
505 ## - NOTA DE CONTENIDO CON FORMATO
Nota de contenido con formato Tradiciones y costumbres --
Mención de responsabilidad Petruska Sméster.
505 ## - NOTA DE CONTENIDO CON FORMATO
Nota de contenido con formato Geografiando el futuro de Santiago --
Mención de responsabilidad Rafaél Emilio Yunén.
505 ## - NOTA DE CONTENIDO CON FORMATO
Nota de contenido con formato Indice fotográfico --
505 ## - NOTA DE CONTENIDO CON FORMATO
Nota de contenido con formato Biografías de autores y fotógrafos .
650 4# - PUNTO DE ACCESO ADICIONAL DE MATERIA--TÉRMINO DE MATERIA
Término de materia o nombre geográfico como elemento de entrada Santiago de los Caballeros
9 (RLIN) 81913
Subdivisión general Imágenes
Subdivisión geográfica República Dominicana
700 1# - PUNTO DE ACCESO ADICIONAL--NOMBRE DE PERSONA
Nombre de persona Puras Penzo, Natalio ; García, Wilfredo ; Batista, Domingo
Término indicativo de función/relación fotógrafos
9 (RLIN) 81914
942 ## - ELEMENTOS DE PUNTO DE ACCESO ADICIONAL (KOHA)
Fuente del sistema de clasificación o colocación Dewey Decimal Classification
Tipo de ítem Koha Libro
Existencias
Estado de retiro Estado de pérdida Fuente del sistema de clasificación o colocación Restricciones de uso No para préstamo Código de colección Localización permanente Ubicación/localización actual Ubicación en estantería Fecha de adquisición Fuente de adquisición Signatura topográfica completa Código de barras Fecha visto por última vez Precio válido a partir de Tipo de ítem Koha Número de copia
    Dewey Decimal Classification Excluido de préstamo   Patrimonio Dominicano Biblioteca Nacional Pedro Henríquez Ureña Biblioteca Nacional Pedro Henríquez Ureña En catalogación 19.08.2019 Depósito Legal BNPHU PD 972.9356 S235i 2022-3177 23.06.2022 23.06.2022 Libro  
    Dewey Decimal Classification Excluido de préstamo   Patrimonio Dominicano Biblioteca Nacional Pedro Henríquez Ureña Biblioteca Nacional Pedro Henríquez Ureña En catalogación 19.08.2019 Depósito Legal BNPHU PD 972.9356 S235i 2022-3179 23.06.2022 23.06.2022 Libro e.2

Con tecnología Koha